00264nam a2200097 a 450000500170000000800410001705000180005810000210007624500280009726000410012520140414131856.0100901s19uu xx 00 eng d aFILbM27 2005 aBelen, Christine aAng mahiwagang biyulin. aManila, Philippines :bAnvil,c2005.